000 00532nam a22001937a 4500
999 _c9888
_d9888
003 GBCCL
005 20241126110721.0
008 230818b ||||| |||| 00| 0 eng d
040 _cGBC
082 _a289.94
_bLIM
100 _aLim, Jean
_917195
245 _a You shall receive power /
_cJean Lim
260 _aMalaysia :
_bSparrows Direct,
_c2000
300 _a60p. ;
650 _aMission of the church
_950
650 _aPentecostal churches Doctrines
_917196
650 _aPower (Christian theology)
_92851
942 _2ddc
_cBK